Волшебные сказки: пер. с нем.; Сказки; Сказки

Detalles Bibliográficos
Outros autores: Гримм В. Вильгельм (иллюстратор), Григорьев В. П.
Idioma:ruso
Publicado: Москва, Книга, 1989
TOC:Сказки;
Я. Гримм , В. К. Гримм, Сказки;
Subjects:
Formato: MixedMaterials Libro
KOHA link:https://koha.lib.tpu.ru/cgi-bin/koha/opac-detail.pl?biblionumber=131450

MARC

LEADER 00000nam0a2200000 4500
001 131450
005 20260205094946.0
010 |a 5212003377 
035 |a (RuTPU)RU\TPU\book\142374 
090 |a 131450 
100 |a 20080218d1989 m y0rusy5003 ca 
101 1 |a rus  |c ger 
102 |a RU 
105 |a y z 000ay 
200 1 |a Волшебные сказки  |e пер. с нем.  |f худож. В. П. Григорьев 
210 |a Москва  |c Книга  |d 1989 
215 |a 383,[1] с.  |d 22 см 
464 |t Сказки 
464 |t Сказки  |f Я. Гримм , В. К. Гримм   |a Хауф, Вильгельм 
606 |a Немецкая литература  |9 64612 
610 0 |a сказки 
610 0 |a детская литература 
610 0 |a художественная литература 
675 |a 83  |v 4 
701 1 |a Гримм  |b В.  |c немецкий филолог  |f 1786-1859  |g Вильгельм  |3 (RuTPU)RU\TPU\pers\7804  |9 1523 
702 1 |a Григорьев  |b В. П.  |4 440 
801 0 |a RU  |b RuMRKP  |c 19950417  |g psbo 
801 1 |a RU  |b 63413507  |c 20080218  |g PSBO 
801 2 |a RU  |b 63413507  |c 20160118  |g PSBO 
942 |c BK